Verwaltungseinheiten Afrikas (mit Karte) - Statistiken

Allgemein
  • Dieses Quiz wurde 7 mal gespielt
  • Das Durchschnittsergebnis liegt bei 32 aus 968
Antworten auf der Karte
Die Antworten werden auf der Karte rot bzw. grün angezeigt, abhängig davon wie oft sie richtig erraten wurden.
 
Antwortstatistiken
Land Art Verwaltungseinheit % Korrekt
Ägypten Muhāfaẓa (Gouvernement) Kairo
86%
Ägypten Muhāfaẓa (Gouvernement) Alexandria
57%
Algerien Wilāya (Provinz) Algier
57%
Ruanda Intara (Provinz) Eastern
57%
Elfenbeinküste District (Distrikt) La Mé
57%
Kamerun Region South
57%
Ruanda Intara (Provinz) Southern
57%
Sierra Leone Province (Provinz) Southern
57%
Sambia Province (Provinz) Southern
57%
Tunesien Wilāya (Gouvernement) Tunis
57%
Mali Hauptstadtdistrikt Bamako
43%
Republik Kongo Départment (Department) Brazzaville
43%
Senegal Région (Region) Dakar
43%
Sambia Province (Provinz) Eastern
43%
Marokko Dschiha (Region) Fès-Meknès
43%
Ghana Region Greater Accra
43%
Tansania Mkoa (Region) Mara
43%
Marokko Dschiha (Region) Marrakesch-Safi
43%
Burkina Faso Région (Region) Nord
43%
Kamerun Region North
43%
Ruanda Intara (Provinz) Northern
43%
Sierra Leone Province (Provinz) Northern
43%
Sambia Province (Provinz) Northern
43%
Algerien Wilāya (Provinz) Oran
43%
Ägypten Muhāfaẓa (Gouvernement) Port Said
43%
Marokko Dschiha (Region) Rabat-Salé-Kénitra
43%
Marokko Dschiha (Region) Tanger-Tetouan-Al Hoceima
43%
Mali Région (Region) Tombouctou
43%
Libyen Schaʿbiyyat (Munizip) Tripoli
43%
Kamerun Region West
43%
Gambia Region West Coast
43%
Ruanda Intara (Provinz) Western
43%
Sierra Leone Area (Gebiet) Western
43%
Sambia Province (Provinz) Western
43%
Libyen Schaʿbiyyat (Munizip) Bengasi
29%
Guinea-Bissau Setor autônomo (Autonomer Sektor) Bissau
29%
Marokko Dschiha (Region) Casablanca-Settat
29%
Guinea Zone spéciale Conakry
29%
Tansania Mkoa (Region) Dodoma
29%
Dschibuti Region Dschibuti
29%
Kamerun Region East
29%
Ghana Region Eastern
29%
Sierra Leone Province (Provinz) Eastern
29%
Burkina Faso Région (Region) Est
29%
Nigeria Federal Capital Territory (Hauptstadtgemeinde) Federal Capital Territory
29%
Tunesien Wilāya (Gouvernement) Gabès
29%
Simbabwe City (Stadt) Harare
29%
Somalia Gobol-ka (Region) Jubaland
29%
Nigeria State (Bundesstaat) Kano
29%
Ruanda Intara (Provinz) Kigali
29%
Demokratische Republik Kongo Provinz Kinshasa
29%
Nigeria State (Bundesstaat) Lagos
29%
Angola Província (Provinz) Luanda
29%
Sambia Province (Provinz) Lusaka
29%
Ägypten Muhāfaẓa (Gouvernement) Luxor
29%
Mosambik Hauptstadtdistrikt Maputo
29%
Mosambik Província (Distrikt) Maputo
29%
Kenia County Mombasa
29%
Kenia County Nairobi
29%
Niger Federal Capital Territory (Hauptstadtgemeinde) Niamey
29%
Gambia Region North Bank
29%
Ghana Region Northern
29%
Malawi Region Northern
29%
Marokko Dschiha (Region) Oriental
29%
Kap Verde Município (Kreis) Porto Novo
29%
Kap Verde Município (Kreis) Praia
29%
São Tomé und Príncipe Autonome Region Príncipe
29%
Äthiopien Region Somali
29%
Somalia Gobol-ka (Region) Somaliland
29%
Botswana District (Distrikt) Southern
29%
Malawi Region Southern
29%
Ägypten Muhāfaẓa (Gouvernement) Suez
29%
Ghana Region Western
29%
Elfenbeinküste District autonome (Stadtdistrikt) Abidjan
14%
Zentralafrikanische Republik Préfecture (Präfektur) Bangui
14%
Angola Província (Provinz) Cabinda
14%
Tansania Mkoa (Region) Dar es Salaam
14%
Südafrika Province (Provinz) Eastern Cape
14%
Botswana City (Stadt) Gaborone
14%
Südafrika Province (Provinz) Gauteng
14%
Uganda Hauptstadt Kampala
14%
Südafrika Province (Provinz) KwaZulu-Natal
14%
Südafrika Province (Provinz) Limpopo
14%
Malediven Distrikt (Atoll) Maalhosmadulu Dhekunuburi
14%
Mauritius Insel Mauritius
14%
Tschad Wilāya (Region) N'Djamena
14%
Nigeria State (Bundesstaat) Niger
14%
Südafrika Province (Provinz) Northern Cape
14%
Botswana District (Distrikt) North-West
14%
Kamerun Region Northwest
14%
Sierra Leone Province (Provinz) North West
14%
Südafrika Province (Provinz) North West
14%
Sambia Province (Provinz) North-Western
14%
Somalia Gobol-ka (Region) Puntland
14%
Tunesien Wilāya (Gouvernement) Sfax
14%
Tunesien Wilāya (Gouvernement) Sousse
14%
Tansania Mkoa (Region) Unguja Kaskazini
14%
Tansania Mkoa (Region) Unguja Kusini
14%
Südafrika Province (Provinz) Western Cape
14%
Ghana Region Western North
14%
Elfenbeinküste District autonome (Stadtdistrikt) Yamoussoukro
14%
Angola Província (Provinz) Zaire
14%
Nigeria State (Bundesstaat) Abia
0%
Uganda District (Distrikt) Abim
0%
Kamerun Region Adamawa
0%
Nigeria State (Bundesstaat) Adamawa
0%
Äthiopien Stadt Addis Ababa
0%
Malediven Stadt Addu City
0%
Uganda District (Distrikt) Adjumani
0%
Algerien Wilāya (Provinz) Adrar
0%
Mauretanien Wilāya (Region) Adrar
0%
Äthiopien Region Afar
0%
Niger Région (Region) Agadez
0%
Uganda District (Distrikt) Agago
0%
Mauritius Insel Agaléga
0%
Elfenbeinküste District (Distrikt) Agnéby-Tiassa
0%
São Tomé und Príncipe Distrito (Distrikt Água Grande
0%
Ghana Region Ahafo
0%
Algerien Wilāya (Provinz) Ain Defla
0%
Algerien Wilāya (Provinz) Ain Temouchent
0%
Nigeria State (Bundesstaat) Akwa Ibom
0%
Madagaskar Region Alaotra-Mangoro
0%
Sudan Wilayat (Bundesstaat) Al-Bahr al-ahmar
0%
Libyen Schaʿbiyyat (Munizip) al-Butnan
0%
Sudan Wilayat (Bundesstaat) Al-Chartum
0%
Libyen Schaʿbiyyat (Munizip) al-Dschabal al-Achdar
0%
Libyen Schaʿbiyyat (Munizip) al-Dschabal al-Gharbi
0%
Sudan Wilayat (Bundesstaat) Al-Dschazira
0%
Libyen Schaʿbiyyat (Munizip) al-Dschifara
0%
Libyen Schaʿbiyyat (Munizip) al-Dschufra
0%
Uganda District (Distrikt) Alebtong
0%
Benin Département (Departement) Alibori
0%
Malediven Distrikt (Atoll) Alif Alif
0%
Dschibuti Region Ali Sabieh
0%
Libyen Schaʿbiyyat (Munizip) al-Kufra
0%
Libyen Schaʿbiyyat (Munizip) al-Mardsch
0%
Libyen Schaʿbiyyat (Munizip) al-Murgub
0%
Sudan Wilayat (Bundesstaat) Al-Qadarif
0%
Libyen Schaʿbiyyat (Munizip) Al Wahat
0%
Äthiopien Region Amhara
0%
Uganda District (Distrikt) Amolatar
0%
Madagaskar Region Amoron'i Mania
0%
Uganda District (Distrikt) Amudat
0%
Uganda District (Distrikt) Amuria
0%
Uganda District (Distrikt) Amuru
0%
Madagaskar Region Analamanga
0%
Madagaskar Region Analanjirofo
0%
Nigeria State (Bundesstaat) Anambra
0%
Madagaskar Region Androy
0%
Algerien Wilāya (Provinz) Annaba
0%
Sudan Wilayat (Bundesstaat) An-Nil al-abyad
0%
Sudan Wilayat (Bundesstaat) An-Nil al-azraq
0%
Äquatorialguinea Provinz Annobón
0%
Madagaskar Region Anosy
0%
Seychellen District (Distrikt) Anse aux Pins
0%
Eritrea Zoba (Region) Anseba
0%
Seychellen District (Distrikt) Anse Boileau
0%
Seychellen District (Distrikt) Anse Etoile
0%
Seychellen District (Distrikt) Anse Royale
0%
Uganda District (Distrikt) Apac
0%
Tunesien Wilāya (Gouvernement) Ariana
0%
Malediven Distrikt (Atoll) Ari Dhekunuburi
0%
Dschibuti Region Arta
0%
Uganda District (Distrikt) Arua
0%
Tansania Mkoa (Region) Arusha
0%
Sudan Wilayat (Bundesstaat) Asch-Schamaliyya
0%
Ghana Region Ashanti
0%
Mauretanien Wilāya (Region) Assaba
0%
Ägypten Muhāfaẓa (Gouvernement) Aswan
0%
Ägypten Muhāfaẓa (Gouvernement) Asyut
0%
Benin Département (Departement) Atakora
0%
Benin Département (Departement) Atlantique
0%
Madagaskar Region Atsimo-Andrefana
0%
Madagaskar Region Atsimo-Atsinanana
0%
Madagaskar Region Atsinanana
0%
Seychellen District (Distrikt) Au Cap
0%
Guinea-Bissau Região (Region) Bafatá
0%
Elfenbeinküste District (Distrikt) Bafing
0%
Elfenbeinküste District (Distrikt) Bagoué
0%
Ägypten Muhāfaẓa (Gouvernement) Bahr al-ahmar
0%
Seychellen District (Distrikt) Baie Lazare
0%
Seychellen District (Distrikt) Baie Sainte Anne
0%
Zentralafrikanische Republik Préfecture (Präfektur) Bamingui-Bangoran
0%
Somalia Gobol-ka (Region) Banaadir
0%
Gambia City (Hauptstadt) Banjul
0%
Tschad Wilāya (Region) Barh el Gazel
0%
Kenia County Baringo
0%
Zentralafrikanische Republik Préfecture (Präfektur) Basse-Kotto
0%
Demokratische Republik Kongo Provinz Bas-Uele
0%
Tschad Wilāya (Region) Batha
0%
Algerien Wilāya (Provinz) Batna
0%
Nigeria State (Bundesstaat) Bauchi
0%
Nigeria State (Bundesstaat) Bayelsa
0%
Seychellen District (Distrikt) Beau Vallon
0%
Algerien Wilāya (Provinz) Bechar
0%
Tunesien Wilāya (Gouvernement) Béja
0%
Algerien Wilāya (Provinz) Bejaia
0%
Seychellen District (Distrikt) Bel Air
0%
Elfenbeinküste District (Distrikt) Bélier
0%
Seychellen District (Distrikt) Bel Ombre
0%
Tunesien Wilāya (Gouvernement) Ben Arous
0%
Angola Província (Provinz) Bengo
0%
Angola Província (Provinz) Benguela
0%
Algerien Wilāya (Provinz) Béni Abbès
0%
Marokko Dschiha (Region) Béni Mellal-Khénifra
0%
Äthiopien Region Benishangul-Gumuz
0%
Ägypten Muhāfaẓa (Gouvernement) Beni Suef
0%
Nigeria State (Bundesstaat) Benue
0%
Elfenbeinküste District (Distrikt) Béré
0%
Lesotho Distrikt Berea
0%
Madagaskar Region Betsiboka
0%
Angola Província (Provinz) Bié
0%
Äquatorialguinea Provinz Bioko Norte
0%
Äquatorialguinea Provinz Bioko Sur
0%
Guinea-Bissau Região (Region) Biombo
0%
Algerien Wilāya (Provinz) Biskra
0%
Tunesien Wilāya (Gouvernement) Bizerte
0%
Algerien Wilāya (Provinz) Blida
0%
Kap Verde Município (Kreis) Boa Vista
0%
Madagaskar Region Boeny
0%
Guinea Région (Region) Boké
0%
Guinea-Bissau Região (Region) Bolama
0%
Kenia County Bomet
0%
Liberia County (Region) Bomi
0%
Liberia County (Region) Bong
0%
Madagaskar Region Bongolava
0%
Ghana Region Bono
0%
Ghana Region Bono East
0%
Algerien Wilāya (Provinz) Bordj Badji Mokhtar
0%
Algerien Wilāya (Provinz) Bordj Bou Arreridj
0%
Benin Département (Departement) Borgou
0%
Tschad Wilāya (Region) Borkou
0%
Nigeria State (Bundesstaat) Borno
0%
Burkina Faso Région (Region) Boucle du Mouhoun
0%
Republik Kongo Départment (Department) Bouenza
0%
Algerien Wilāya (Provinz) Bouira
0%
Algerien Wilāya (Provinz) Boumerdes
0%
Elfenbeinküste District (Distrikt) Bounkani
0%
Mauretanien Wilāya (Region) Brakna
0%
Kap Verde Município (Kreis) Brava
0%
Burundi Provinz Bubanza
0%
Uganda District (Distrikt) Budaka
0%
Uganda District (Distrikt) Bududa
0%
Uganda District (Distrikt) Bugiri
0%
Uganda District (Distrikt) Bugweri
0%
Ägypten Muhāfaẓa (Gouvernement) Buhaira
0%
Uganda District (Distrikt) Buhweju
0%
Uganda District (Distrikt) Buikwe
0%
Burundi Provinz Bujumbura Mairie
0%
Burundi Provinz Bujumbura Rural
0%
Uganda District (Distrikt) Bukedea
0%
Uganda District (Distrikt) Bukomansimbi
0%
Uganda District (Distrikt) Bukwo
0%
Uganda District (Distrikt) Bulambuli
0%
Simbabwe Hauptstadt Bulawayo
0%
Uganda District (Distrikt) Buliisa
0%
Uganda District (Distrikt) Bundibugyo
0%
Kenia County Bungoma
0%
Uganda District (Distrikt) Bunyangabu
0%
Burundi Provinz Bururi
0%
Uganda District (Distrikt) Bushenyi
0%
Kenia County Busia
0%
Uganda District (Distrikt) Busia
0%
Uganda District (Distrikt) Butaleja
0%
Uganda District (Distrikt) Butambala
0%
Uganda District (Distrikt) Butebo
0%
Lesotho Distrikt Butha-Buthe
0%
Uganda District (Distrikt) Buvuma
0%
Uganda District (Distrikt) Buyende
0%
Mosambik Província (Distrikt) Cabo Delgado
0%
Guinea-Bissau Região (Region) Cacheu
0%
Burundi Provinz Cankuzo
0%
São Tomé und Príncipe Distrito (Distrikt Cantagalo
0%
Seychellen District (Distrikt) Cascade
0%
Burkina Faso Région (Region) Cascades
0%
São Tomé und Príncipe Distrito (Distrikt Caué
0%
Elfenbeinküste District (Distrikt) Cavally
0%
Botswana District (Distrikt) Central
0%
Ghana Region Central
0%
Malawi Region Central
0%
Sambia Province (Provinz) Central
0%
Togo Région (Region) Centrale
0%
Südsudan State (Bundesstaat) Central Equatoria
0%
Gambia Region Central River
0%
Burkina Faso Région (Region) Centre
0%
Kamerun Region Centre
0%
Burkina Faso Région (Region) Centre-Est
0%
Burkina Faso Région (Region) Centre-Nord
0%
Burkina Faso Région (Region) Centre-Ouest
0%
Burkina Faso Région (Region) Centre-Sud
0%
Äquatorialguinea Provinz Centro Sur
0%
Tschad Wilāya (Region) Chari-Baguirmi
0%
Algerien Wilāya (Provinz) Chlef
0%
Botswana District (Distrikt) Chobe
0%
Burundi Provinz Cibitoke
0%
Benin Département (Departement) Collines
0%
Algerien Wilāya (Provinz) Constantine
0%
Sambia Province (Provinz) Copperbelt
0%
Benin Département (Departement) Couffo
0%
Nigeria State (Bundesstaat) Cross River
0%
Angola Província (Provinz) Cuando Cubango
0%
Angola Província (Provinz) Cuanza Norte
0%
Angola Província (Provinz) Cuanza Sul
0%
Angola Província (Provinz) Cunene
0%
Republik Kongo Départment (Department) Cuvette
0%
Republik Kongo Départment (Department) Cuvette-Ouest
0%
Ägypten Muhāfaẓa (Gouvernement) Dakahlija
0%
Marokko Dschiha (Region) Dakhla-Oued Ed-Dahab
0%
Mauretanien Wilāya (Region) Dakhlet Nouadhibou
0%
Ägypten Muhāfaẓa (Gouvernement) Damietta
0%
Eritrea Zoba (Region) Debub
0%
Eritrea Zoba (Region) Debubawi Kayih Bahri
0%
Nigeria State (Bundesstaat) Delta
0%
Libyen Schaʿbiyyat (Munizip) Derna
0%
Madagaskar Region Diana
0%
Niger Région (Region) Diffa
0%
Dschibuti Region Dikhil
0%
Senegal Région (Region) Diourbel
0%
Äthiopien Stadt Dire Dawa
0%
Algerien Wilāya (Provinz) Djanet
0%
Algerien Wilāya (Provinz) Djelfa
0%
Äquatorialguinea Provinz Djibloho
0%
Uganda District (Distrikt) Dokolo
0%
Benin Département (Departement) Donga
0%
Niger Région (Region) Dosso
0%
Marokko Dschiha (Region) Drâa-Tafilalet
0%
Sudan Wilayat (Bundesstaat) Dschanub Darfur
0%
Sudan Wilayat (Bundesstaat) Dschanub Kurdufan
0%
Südsudan State (Bundesstaat) Eastern Equatoria
0%
Nigeria State (Bundesstaat) Ebonyi
0%
Nigeria State (Bundesstaat) Edo
0%
Nigeria State (Bundesstaat) Ekiti
0%
Algerien Wilāya (Provinz) El Bayadh
0%
Kenia County Elgeyo-Marakwet
0%
Algerien Wilāya (Provinz) El Meniaa
0%
Algerien Wilāya (Provinz) El M'Ghair
0%
Algerien Wilāya (Provinz) El Oued
0%
Algerien Wilāya (Provinz) El Tarf
0%
Kenia County Embu
0%
Seychellen District (Distrikt) English River
0%
Tschad Wilāya (Region) Ennedi-Est
0%
Tschad Wilāya (Region) Ennedi-Ouest
0%
Nigeria State (Bundesstaat) Enugu
0%
Demokratische Republik Kongo Provinz Équateur
0%
Namibia Region Erongo
0%
Gabun Province (Provinz) Estuaire
0%
Malediven Distrikt (Atoll) Faadhippolhu
0%
Guinea Région (Region) Faranah
0%
Kamerun Region Far North
0%
Senegal Région (Region) Fatick
0%
Ägypten Muhāfaẓa (Gouvernement) Fayyūm
0%
Malediven Distrikt (Atoll) Felidhu
0%
Madagaskar Region Fitovinany
0%
Elfenbeinküste District (Distrikt) Folon
0%
Botswana City (Stadt) Francistown
0%
Südafrika Province (Provinz) Free State
0%
Malediven Stadt Fuvahmulah
0%
Guinea-Bissau Região (Region) Gabú
0%
Tunesien Wilāya (Gouvernement) Gafsa
0%
Somalia Gobol-ka (Region) Galmudug
0%
Äthiopien Region Gambela
0%
Mali Région (Region) Gao
0%
Kenia County Garissa
0%
Eritrea Zoba (Region) Gash-Barka
0%
Mosambik Província (Distrikt) Gaza
0%
Liberia County (Region) Gbarpolu
0%
Elfenbeinküste District (Distrikt) Gbêkê
0%
Elfenbeinküste District (Distrikt) Gbôklé
0%
Tansania Mkoa (Region) Geita
0%
Botswana District (Distrikt) Ghanzi
0%
Sudan Wilayat (Bundesstaat) Gharb Darfur
0%
Ägypten Muhāfaẓa (Gouvernement) Gharbiyya
0%
Sudan Wilayat (Bundesstaat) Gharb Kurdufan
0%
Algerien Wilāya (Provinz) Ghardaia
0%
Libyen Schaʿbiyyat (Munizip) Ghat
0%
Burundi Provinz Gitega
0%
Ägypten Muhāfaẓa (Gouvernement) Giza
0%
Seychellen District (Distrikt) Glacis
0%
Elfenbeinküste District (Distrikt) Gôh
0%
Uganda District (Distrikt) Gomba
0%
Nigeria State (Bundesstaat) Gombe
0%
Elfenbeinküste District (Distrikt) Gontougo
0%
Mauretanien Wilāya (Region) Gorgol
0%
Seychellen District (Distrikt) Grand'Anse Mahé
0%
Seychellen District (Distrikt) Grand'Anse Praslin
0%
Liberia County (Region) Grand Bassa
0%
Liberia County (Region) Grand Cape Mount
0%
Liberia County (Region) Grand Gedeh
0%
Liberia County (Region) Grand Kru
0%
Elfenbeinküste District (Distrikt) Grands-Ponts
0%
Algerien Wilāya (Provinz) Guelma
0%
Marokko Dschiha (Region) Guelmim-Oued Noun
0%
Elfenbeinküste District (Distrikt) Guémon
0%
Tschad Wilāya (Region) Guéra
0%
Mauretanien Wilāya (Region) Guidimaka
0%
Uganda District (Distrikt) Gulu
0%
Tschad Wilāya (Region) Hadjer-Lamis
0%
Malediven Distrikt (Atoll) Hahdhunmathi
0%
Elfenbeinküste District (Distrikt) Hambol
0%
Äthiopien Region Harari
0%
Namibia Region Hardap
0%
Zentralafrikanische Republik Préfecture (Präfektur) Haute-Kotto
0%
Madagaskar Region Haute Matsiatra
0%
Demokratische Republik Kongo Provinz Haut-Katanga
0%
Demokratische Republik Kongo Provinz Haut-Lomami
0%
Zentralafrikanische Republik Préfecture (Präfektur) Haut-Mbomou
0%
Gabun Province (Provinz) Haut-Ogooué
0%
Elfenbeinküste District (Distrikt) Haut-Sassandra
0%
Burkina Faso Région (Region) Hauts-Bassins
0%
Demokratische Republik Kongo Provinz Haut-Uele
0%
Eswatini Region Hhohho
0%
Somalia Gobol-ka (Region) Hirshabelle
0%
Mauretanien Wilāya (Region) Hodh Ech Chargui
0%
Mauretanien Wilāya (Region) Hodh El Gharbi
0%
Uganda District (Distrikt) Hoima
0%
Kenia County Homa Bay
0%
Angola Província (Provinz) Huambo
0%
Angola Província (Provinz) Huíla
0%
Malediven Distrikt (Atoll) Huvadhu
0%
Malediven Distrikt (Atoll) Huvadhu Dhekunuburi
0%
Uganda District (Distrikt) Ibanda
0%
Elfenbeinküste District (Distrikt) Iffou
0%
Uganda District (Distrikt) Iganga
0%
Madagaskar Region Ihorombe
0%
Algerien Wilāya (Provinz) Illizi
0%
Nigeria State (Bundesstaat) Imo
0%
Mauretanien Wilāya (Region) Inchiri
0%
Elfenbeinküste District (Distrikt) Indénié-Djuablin
0%
Algerien Wilāya (Provinz) In Guezzam
0%
Mosambik Província (Distrikt) Inhambane
0%
Algerien Wilāya (Provinz) In Salah
0%
Tansania Mkoa (Region) Iringa
0%
Uganda District (Distrikt) Isingiro
0%
Kenia County Isiolo
0%
Ägypten Muhāfaẓa (Gouvernement) Ismailia
0%
Madagaskar Region Itasy
0%
Demokratische Republik Kongo Provinz Ituri
0%
Tunesien Wilāya (Gouvernement) Jendouba
0%
Nigeria State (Bundesstaat) Jigawa
0%
Algerien Wilāya (Provinz) Jijel
0%
Uganda District (Distrikt) Jinja
0%
Südsudan State (Bundesstaat) Jonglei
0%
Botswana City (Stadt) Jwaneng
0%
Uganda District (Distrikt) Kaabong
0%
Elfenbeinküste District (Distrikt) Kabadougou
0%
Uganda District (Distrikt) Kabale
0%
Uganda District (Distrikt) Kabarole
0%
Uganda District (Distrikt) Kaberamaido
0%
Nigeria State (Bundesstaat) Kaduna
0%
Senegal Région (Region) Kaffrine
0%
Ägypten Muhāfaẓa (Gouvernement) Kafr El Sheikh
0%
Uganda District (Distrikt) Kagadi
0%
Tansania Mkoa (Region) Kagera
0%
Tunesien Wilāya (Gouvernement) Kairouan
0%
Kenia County Kajiado
0%
Kenia County Kakamega
0%
Uganda District (Distrikt) Kakumiro
0%
Uganda District (Distrikt) Kalaki
0%
Uganda District (Distrikt) Kalangala
0%
Uganda District (Distrikt) Kaliro
0%
Uganda District (Distrikt) Kalungu
0%
Uganda District (Distrikt) Kamuli
0%
Uganda District (Distrikt) Kamwenge
0%
Tschad Wilāya (Region) Kanem
0%
Guinea Région (Region) Kankan
0%
Uganda District (Distrikt) Kanungu
0%
Senegal Région (Region) Kaolack
0%
Uganda District (Distrikt) Kapchorwa
0%
Uganda District (Distrikt) Kapelebyong
0%
Togo Région (Region) Kara
0%
Namibia Region ǁKaras
0%
Uganda District (Distrikt) Karenga
0%
Burundi Provinz Karuzi
0%
Demokratische Republik Kongo Provinz Kasaï
0%
Demokratische Republik Kongo Provinz Kasaï-Central
0%
Demokratische Republik Kongo Provinz Kasaï-Oriental
0%
Uganda District (Distrikt) Kasanda
0%
Uganda District (Distrikt) Kasese
0%
Sudan Wilayat (Bundesstaat) Kassala
0%
Tunesien Wilāya (Gouvernement) Kasserine
0%
Uganda District (Distrikt) Katakwi
0%
Tansania Mkoa (Region) Katavi
0%
Nigeria State (Bundesstaat) Katsina
0%
Namibia Region Kavango-Ost
0%
Namibia Region Kavango-West
0%
Burundi Provinz Kayanza
0%
Mali Région (Region) Kayes
0%
Uganda District (Distrikt) Kayunga
0%
Uganda District (Distrikt) Kazo
0%
Nigeria State (Bundesstaat) Kebbi
0%
Tunesien Wilāya (Gouvernement) Kebili
0%
Senegal Région (Region) Kédougou
0%
Tunesien Wilāya (Gouvernement) Kef
0%
Zentralafrikanische Republik Préfecture (Präfektur) Kémo
0%
Kenia County Kericho
0%
Botswana District (Distrikt) Kgalagadi
0%
Botswana District (Distrikt) Kgatleng
0%
Algerien Wilāya (Provinz) Khenchela
0%
Namibia Region Khomas
0%
Kenia County Kiambu
0%
Uganda District (Distrikt) Kibaale
0%
Uganda District (Distrikt) Kiboga
0%
Uganda District (Distrikt) Kibuku
0%
Mali Région (Region) Kidal
0%
Äquatorialguinea Provinz Kié-Ntem
0%
Tansania Mkoa (Region) Kigoma
0%
Uganda District (Distrikt) Kikuube
0%
Kenia County Kilifi
0%
Tansania Mkoa (Region) Kilimanjaro
0%
Guinea Région (Region) Kindia
0%
Kenia County Kirinyaga
0%
Uganda District (Distrikt) Kiruhura
0%
Burundi Provinz Kirundo
0%
Uganda District (Distrikt) Kiryandongo
0%
Kenia County Kisii
0%
Uganda District (Distrikt) Kisoro
0%
Kenia County Kisumu
0%
Uganda District (Distrikt) Kitagwenda
0%
Uganda District (Distrikt) Kitgum
0%
Kenia County Kitui
0%
Uganda District (Distrikt) Koboko
0%
Nigeria State (Bundesstaat) Kogi
0%
Senegal Région (Region) Kolda
0%
Uganda District (Distrikt) Kole
0%
Malediven Distrikt (Atoll) Kolhumadulu
0%
Demokratische Republik Kongo Provinz Kongo Central
0%
Uganda District (Distrikt) Kotido
0%
Republik Kongo Départment (Department) Kouilou
0%
Mali Région (Region) Koulikoro
0%
Uganda District (Distrikt) Kumi
0%
Namibia Region Kunene
0%
Kenia County Kwale
0%
Demokratische Republik Kongo Provinz Kwango
0%
Uganda District (Distrikt) Kwania
0%
Nigeria State (Bundesstaat) Kwara
0%
Uganda District (Distrikt) Kween
0%
Botswana District (Distrikt) Kweneng
0%
Demokratische Republik Kongo Provinz Kwilu
0%
Uganda District (Distrikt) Kyankwanzi
0%
Uganda District (Distrikt) Kyegegwa
0%
Uganda District (Distrikt) Kyenjojo
0%
Uganda District (Distrikt) Kyotera
0%
Marokko Dschiha (Region) Laâyoune-Sakia El Hamra
0%
Guinea Région (Region) Labé
0%
Tschad Wilāya (Region) Lac
0%
Seychellen District (Distrikt) La Digue and Inner Islands
0%
Algerien Wilāya (Provinz) Laghouat
0%
Kenia County Laikipia
0%
Südsudan State (Bundesstaat) Lakes
0%
Kenia County Lamu
0%
Uganda District (Distrikt) Lamwo
0%
Republik Kongo Départment (Department) Lékoumou
0%
São Tomé und Príncipe Distrito (Distrikt Lembá
0%
Lesotho Distrikt Leribe
0%
Seychellen District (Distrikt) Les Mamelles
0%
Republik Kongo Départment (Department) Likouala
0%
Zentralafrikanische Republik Préfecture (Präfektur) Lim-Pendé
0%
Tansania Mkoa (Region) Lindi
0%
Uganda District (Distrikt) Lira
0%
Äquatorialguinea Provinz Litoral
0%
Benin Département (Departement) Littoral
0%
Kamerun Region Littoral
0%
São Tomé und Príncipe Distrito (Distrikt Lobata
0%
Botswana City (Stadt) Lobatse
0%
Zentralafrikanische Republik Préfecture (Präfektur) Lobaye
0%
Liberia County (Region) Lofa
0%
Tschad Wilāya (Region) Logone Occidental
0%
Tschad Wilāya (Region) Logone Oriental
0%
Elfenbeinküste District (Distrikt) Lôh-Djiboua
0%
Demokratische Republik Kongo Provinz Lomami
0%
Senegal Région (Region) Louga
0%
Gambia Region Lower River
0%
Demokratische Republik Kongo Provinz Lualaba
0%
Sambia Province (Provinz) Luapula
0%
Eswatini Region Lubombo
0%
Angola Província (Provinz) Lunda Norte
0%
Angola Província (Provinz) Lunda Sul
0%
Uganda District (Distrikt) Luuka
0%
Uganda District (Distrikt) Luweero
0%
Uganda District (Distrikt) Lwengo
0%
Uganda District (Distrikt) Lyantonde
0%
Kenia County Machakos
0%
Uganda District (Distrikt) Madi-Okollo
0%
Eritrea Zoba (Region) Maekel
0%
Lesotho Distrikt Mafeteng
0%
Tunesien Wilāya (Gouvernement) Mahdia
0%
Demokratische Republik Kongo Provinz Mai-Ndombe
0%
Kap Verde Município (Kreis) Maio
0%
Burundi Provinz Makamba
0%
Kenia County Makueni
0%
Angola Província (Provinz) Malanje
0%
Malediven Distrikt (Atoll) Malé
0%
Malediven Stadt Malé
0%
Zentralafrikanische Republik Préfecture (Präfektur) Mambéré
0%
Zentralafrikanische Republik Préfecture (Präfektur) Mambéré-Kadéï
0%
Guinea Région (Region) Mamou
0%
Uganda District (Distrikt) Manafwa
0%
Kenia County Mandera
0%
Tschad Wilāya (Region) Mandoul
0%
Mosambik Província (Distrikt) Manica
0%
Simbabwe Province (Provinz) Manicaland
0%
Demokratische Republik Kongo Provinz Maniema
0%
Tunesien Wilāya (Gouvernement) Manouba
0%
Tansania Mkoa (Region) Manyara
0%
Eswatini Region Manzini
0%
Uganda District (Distrikt) Maracha
0%
Niger Région (Region) Maradi
0%
Elfenbeinküste District (Distrikt) Marahoué
0%
Liberia County (Region) Margibi
0%
Togo Région (Region) Maritime
0%
Kenia County Marsabit
0%
Liberia County (Region) Maryland
0%
Uganda District (Distrikt) Masaka
0%
Algerien Wilāya (Provinz) Mascara
0%
Lesotho Distrikt Maseru
0%
Simbabwe Province (Provinz) Mashonaland Central
0%
Simbabwe Province (Provinz) Mashonaland East
0%
Simbabwe Province (Provinz) Mashonaland West
0%
Uganda District (Distrikt) Masindi
0%
Simbabwe Province (Provinz) Masvingo
0%
Simbabwe Province (Provinz) Matabeleland North
0%
Simbabwe Province (Provinz) Matabeleland South
0%
Senegal Région (Region) Matam
0%
Ägypten Muhāfaẓa (Gouvernement) Matrouh
0%
Tschad Wilāya (Region) Mayo-Kebbi Est
0%
Tschad Wilāya (Region) Mayo-Kebbi Ouest
0%
Uganda District (Distrikt) Mayuge
0%
Uganda District (Distrikt) Mbale
0%
Uganda District (Distrikt) Mbarara
0%
Tansania Mkoa (Region) Mbeya
0%
Zentralafrikanische Republik Préfecture (Präfektur) Mbomou
0%
Algerien Wilāya (Provinz) Medea
0%
Tunesien Wilāya (Gouvernement) Medenine
0%
Madagaskar Region Melaky
0%
Madagaskar Region Menabe
0%
Mali Région (Region) Ménaka
0%
Kenia County Meru
0%
São Tomé und Príncipe Distrito (Distrikt Mé-Zóchi
0%
Simbabwe Province (Provinz) Midlands
0%
Kenia County Migori
0%
Algerien Wilāya (Provinz) Mila
0%
Malediven Distrikt (Atoll) Miladhunmadulu Dhekunuburi
0%
Malediven Distrikt (Atoll) Miladhunmadulu Uthuruburi
0%
Ägypten Muhāfaẓa (Gouvernement) Minufiyya
0%
Ägypten Muhāfaẓa (Gouvernement) Minya
0%
Libyen Schaʿbiyyat (Munizip) Misrata
0%
Uganda District (Distrikt) Mitooma
0%
Uganda District (Distrikt) Mityana
0%
Tansania Mkoa (Region) Mjini Magharibi
0%
Lesotho Distrikt Mohale's Hoek
0%
Lesotho Distrikt Mokhotlong
0%
Tunesien Wilāya (Gouvernement) Monastir
0%
Demokratische Republik Kongo Provinz Mongala
0%
Benin Département (Departement) Mono
0%
Seychellen District (Distrikt) Mont Buxton
0%
Seychellen District (Distrikt) Mont Fleuri
0%
Liberia County (Region) Montserrado
0%
Mali Région (Region) Mopti
0%
Tansania Mkoa (Region) Morogoro
0%
Elfenbeinküste District (Distrikt) Moronou
0%
Uganda District (Distrikt) Moroto
0%
Algerien Wilāya (Provinz) Mostaganem
0%
Kap Verde Município (Kreis) Mosteiros
0%
Angola Província (Provinz) Moxico
0%
Tschad Wilāya (Region) Moyen-Chari
0%
Gabun Province (Provinz) Moyen-Ogooué
0%
Uganda District (Distrikt) Moyo
0%
Uganda District (Distrikt) Mpigi
0%
Südafrika Province (Provinz) Mpumalanga
0%
Algerien Wilāya (Provinz) M'Sila
0%
Tansania Mkoa (Region) Mtwara
0%
Uganda District (Distrikt) Mubende
0%
Sambia Province (Provinz) Muchinga
0%
Uganda District (Distrikt) Mukono
0%
Malediven Distrikt (Atoll) Mulaku
0%
Burundi Provinz Muramvya
0%
Kenia County Murang'a
0%
Libyen Schaʿbiyyat (Munizip) Murzuk
0%
Burundi Provinz Muyinga
0%
Tansania Mkoa (Region) Mwanza
0%
Burundi Provinz Mwaro
0%
Algerien Wilāya (Provinz) Naama
0%
Tunesien Wilāya (Gouvernement) Nabeul
0%
Uganda District (Distrikt) Nabilatuk
0%
Sudan Wilayat (Bundesstaat) Nahr an-Nil
0%
Uganda District (Distrikt) Nakapiripirit
0%
Uganda District (Distrikt) Nakaseke
0%
Uganda District (Distrikt) Nakasongola
0%
Kenia County Nakuru
0%
Libyen Schaʿbiyyat (Munizip) Nalut
0%
Uganda District (Distrikt) Namayingo
0%
Angola Província (Provinz) Namibe
0%
Uganda District (Distrikt) Namisindwa
0%
Mosambik Província (Distrikt) Nampula
0%
Uganda District (Distrikt) Namutumba
0%
Zentralafrikanische Republik Préfecture (Präfektur) Nana-Gribizi
0%
Zentralafrikanische Republik Préfecture (Präfektur) Nana-Mambéré
0%
Kenia County Nandi
0%
Uganda District (Distrikt) Napak
0%
Kenia County Narok
0%
Nigeria State (Bundesstaat) Nasarawa
0%
Elfenbeinküste District (Distrikt) Nawa
0%
Uganda District (Distrikt) Nebbi
0%
Uganda District (Distrikt) Ngora
0%
Gabun Province (Provinz) Ngounié
0%
Burundi Provinz Ngozi
0%
Republik Kongo Départment (Department) Niari
0%
Mosambik Província (Distrikt) Niassa
0%
Malediven Distrikt (Atoll) Nilandhé Dhekunuburi
0%
Malediven Distrikt (Atoll) Nilandhé Uthuruburi
0%
Liberia County (Region) Nimba
0%
Tansania Mkoa (Region) Njombe
0%
Demokratische Republik Kongo Provinz Nord-Kivu
0%
Malediven Distrikt (Atoll) Nord-Maalhosmadulu
0%
Ägypten Muhāfaẓa (Gouvernement) Nord-Sinai
0%
Demokratische Republik Kongo Provinz Nord-Ubangi
0%
Botswana District (Distrikt) North-East
0%
Ghana Region North East
0%
Südsudan State (Bundesstaat) Northern Bahr el Ghazal
0%
Mauretanien Wilāya (Region) Nouakchott Nord
0%
Mauretanien Wilāya (Region) Nouakchott Ouest
0%
Mauretanien Wilāya (Region) Nouakchott Sud
0%
Uganda District (Distrikt) Ntoroko
0%
Uganda District (Distrikt) Ntungamo
0%
Libyen Schaʿbiyyat (Munizip) Nuqat al Khams
0%
Uganda District (Distrikt) Nwoya
0%
Kenia County Nyamira
0%
Kenia County Nyandarua
0%
Gabun Province (Provinz) Nyanga
0%
Kenia County Nyeri
0%
Guinea Région (Region) Nzérékoré
0%
Elfenbeinküste District (Distrikt) N'Zi
0%
Dschibuti Region Obock
0%
Uganda District (Distrikt) Obongi
0%
Gabun Province (Provinz) Ogooué-Ivindo
0%
Gabun Province (Provinz) Ogooué-Lolo
0%
Gabun Province (Provinz) Ogooué-Maritime
0%
Nigeria State (Bundesstaat) Ogun
0%
Namibia Region Ohangwena
0%
Guinea-Bissau Região (Region) Oio
0%
Namibia Region Omaheke
0%
Zentralafrikanische Republik Préfecture (Präfektur) Ombella-Mpoko
0%
Uganda District (Distrikt) Omoro
0%
Namibia Region Omusati
0%
Nigeria State (Bundesstaat) Ondo
0%
Botswana City (Stadt) Orapa
0%
Äthiopien Region Oromia
0%
Namibia Region Oshana
0%
Namibia Region Oshikoto
0%
Nigeria State (Bundesstaat) Osun
0%
Ghana Region Oti
0%
Namibia Region Otjozondjupa
0%
Uganda District (Distrikt) Otuke
0%
Zentralafrikanische Republik Préfecture (Präfektur) Ouaka
0%
Algerien Wilāya (Provinz) Ouargla
0%
Benin Département (Departement) Ouémé
0%
Zentralafrikanische Republik Préfecture (Präfektur) Ouham
0%
Zentralafrikanische Republik Préfecture (Präfektur) Ouham-Fafa
0%
Zentralafrikanische Republik Préfecture (Präfektur) Ouham-Pendé
0%
Algerien Wilāya (Provinz) Ouled Djellal
0%
Seychellen District (Distrikt) Outer Islands
0%
Uganda District (Distrikt) Oyam
0%
Nigeria State (Bundesstaat) Oyo
0%
Uganda District (Distrikt) Pader
0%
Uganda District (Distrikt) Pakwach
0%
Uganda District (Distrikt) Pallisa
0%
Kap Verde Município (Kreis) Paul
0%
Tansania Mkoa (Region) Pemba Kaskazini
0%
Tansania Mkoa (Region) Pemba Kusini
0%
Seychellen District (Distrikt) Perseverance Island I
0%
Seychellen District (Distrikt) Perseverance Island II
0%
Südsudan Gebiet Pibor
0%
Seychellen District (Distrikt) Plaisance
0%
Benin Département (Departement) Plateau
0%
Nigeria State (Bundesstaat) Plateau
0%
Burkina Faso Région (Region) Plateau Central
0%
Republik Kongo Départment (Department) Plateaux
0%
Togo Région (Region) Plateaux
0%
Seychellen District (Distrikt) Pointe La Rue
0%
Republik Kongo Départment (Department) Pointe-Noire
0%
Republik Kongo Départment (Department) Pool
0%
Elfenbeinküste District (Distrikt) Poro
0%
Seychellen District (Distrikt) Port Glaud
0%
Tansania Mkoa (Region) Pwani
0%
Lesotho Distrikt Qacha's Nek
0%
Ägypten Muhāfaẓa (Gouvernement) Qalyubiyya
0%
Ägypten Muhāfaẓa (Gouvernement) Qena
0%
Guinea-Bissau Região (Region) Quinara
0%
Lesotho Distrikt Quthing
0%
Uganda District (Distrikt) Rakai
0%
Äthiopien Region Region der südlichen Nationen, Nationalitäten und Völker
0%
Äthiopien Region Region der südwestäthiopischen Völker
0%
Algerien Wilāya (Provinz) Relizane
0%
Kap Verde Município (Kreis) Ribeira Brava
0%
Kap Verde Município (Kreis) Ribeira Grande
0%
Kap Verde Município (Kreis) Ribeira Grande de Santiago
0%
Liberia County (Region) Rivercess
0%
Liberia County (Region) River Gee
0%
Nigeria State (Bundesstaat) Rivers
0%
Seychellen District (Distrikt) Roche Caiman
0%
Mauritius Insel Rodrigues
0%
Uganda District (Distrikt) Rubanda
0%
Uganda District (Distrikt) Rubirizi
0%
Uganda District (Distrikt) Rukiga
0%
Uganda District (Distrikt) Rukungiri
0%
Tansania Mkoa (Region) Rukwa
0%
Burundi Provinz Rumonge
0%
Burundi Provinz Rutana
0%
Tansania Mkoa (Region) Ruvuma
0%
Südsudan Administrative Area (Sonderverwaltungszone) Ruweng
0%
Burundi Provinz Ruyigi
0%
Uganda District (Distrikt) Rwampara
0%
Libyen Schaʿbiyyat (Munizip) Sabha
0%
Burkina Faso Région (Region) Sahel
0%
Algerien Wilāya (Provinz) Saida
0%
Mauritius Insel Saint Brandon
0%
Senegal Région (Region) Saint-Louis
0%
Seychellen District (Distrikt) Saint Louis
0%
Kap Verde Município (Kreis) Sal
0%
Tschad Wilāya (Region) Salamat
0%
Namibia Region Sambesi
0%
Kenia County Samburu
0%
Republik Kongo Départment (Department) Sangha
0%
Zentralafrikanische Republik Préfecture (Präfektur) Sangha-Mbaéré
0%
Demokratische Republik Kongo Provinz Sankuru
0%
Sudan Wilayat (Bundesstaat) Sannar
0%
Elfenbeinküste District (Distrikt) San-Pédro
0%
Kap Verde Município (Kreis) Santa Catarina
0%
Kap Verde Município (Kreis) Santa Catarina do Fogo
0%
Kap Verde Município (Kreis) Santa Cruz
0%
Kap Verde Município (Kreis) São Domingos
0%
Kap Verde Município (Kreis) São Filipe
0%
Kap Verde Município (Kreis) São Lourenço dos Órgãos
0%
Kap Verde Município (Kreis) São Miguel
0%
Kap Verde Município (Kreis) São Salvador do Mundo
0%
Kap Verde Município (Kreis) São Vicente
0%
Madagaskar Region Sava
0%
Togo Région (Region) Savanes
0%
Ghana Region Savannah
0%
Sudan Wilayat (Bundesstaat) Schamal Darfur
0%
Sudan Wilayat (Bundesstaat) Schamal Kurdufan
0%
Sudan Wilayat (Bundesstaat) Scharq Darfur
0%
Ägypten Muhāfaẓa (Gouvernement) Scharqiyya
0%
Senegal Région (Region) Sédhiou
0%
Mali Région (Region) Ségou
0%
Botswana City (Stadt) Selebi-Phikwe
0%
Uganda District (Distrikt) Sembabule
0%
Eritrea Zoba (Region) Semienawi Kayih Bahri
0%
Uganda District (Distrikt) Serere
0%
Algerien Wilāya (Provinz) Sétif
0%
Uganda District (Distrikt) Sheema
0%
Tansania Mkoa (Region) Shinyanga
0%
Eswatini Region Shiselweni
0%
Kenia County Siaya
0%
Äthiopien Region Sidama
0%
Algerien Wilāya (Provinz) Sidi Bel Abbès
0%
Tunesien Wilāya (Gouvernement) Sidi Bouzid
0%
Mali Région (Region) Sikasso
0%
Tschad Wilāya (Region) Sila
0%
Tunesien Wilāya (Gouvernement) Siliana
0%
Tansania Mkoa (Region) Simiyu
0%
Tansania Mkoa (Region) Singida
0%
Liberia County (Region) Sinoe
0%
Uganda District (Distrikt) Sironko
0%
Algerien Wilāya (Provinz) Skikda
0%
Mosambik Província (Distrikt) Sofala
0%
Madagaskar Region Sofia
0%
Ägypten Muhāfaẓa (Gouvernement) Sohag
0%
Nigeria State (Bundesstaat) Sokoto
0%
Tansania Mkoa (Region) Songwe
0%
Uganda District (Distrikt) Soroti
0%
Algerien Wilāya (Provinz) Souk Ahras
0%
Marokko Dschiha (Region) Souss-Massa
0%
Botswana District (Distrikt) South-East
0%
Kamerun Region Southwest
0%
Somalia Gobol-ka (Region) South West
0%
Botswana City (Stadt) Sowa
0%
Elfenbeinküste District (Distrikt) Sud-Comoé
0%
Demokratische Republik Kongo Provinz Sud-Kivu
0%
Burkina Faso Région (Region) Sud-Ouest
0%
Ägypten Muhāfaẓa (Gouvernement) Süd-Sinai
0%
Demokratische Republik Kongo Provinz Sud-Ubangi
0%
Libyen Schaʿbiyyat (Munizip) Surt
0%
Tansania Mkoa (Region) Tabora
0%
Dschibuti Region Tadjoura
0%
Mauretanien Wilāya (Region) Tagant
0%
Niger State (Bundesstaat) Tahoua
0%
Kenia County Taita–Taveta
0%
Seychellen District (Distrikt) Takamaka
0%
Algerien Wilāya (Provinz) Tamanrasset
0%
Senegal Région (Region) Tambacounda
0%
Kenia County Tana River
0%
Tschad Wilāya (Region) Tandjilé
0%
Tansania Mkoa (Region) Tanga
0%
Demokratische Republik Kongo Provinz Tanganyika
0%
Mali Région (Region) Taoudénit
0%
Nigeria State (Bundesstaat) Taraba
0%
Kap Verde Município (Kreis) Tarrafal
0%
Kap Verde Município (Kreis) Tarrafal de São Nicolau
0%
Tunesien Wilāya (Gouvernement) Tataouine
0%
Elfenbeinküste District (Distrikt) Tchologo
0%
Algerien Wilāya (Provinz) Tebessa
0%
Uganda District (Distrikt) Terego
0%
Mosambik Província (Distrikt) Tete
0%
Lesotho Distrikt Thaba-Tseka
0%
Kenia County Tharaka-Nithi
0%
Senegal Région (Region) Thiès
0%
Malediven Stadt Thiladhunmathi Dhekunuburi
0%
Malediven Distrikt (Atoll) Thiladhunmathi Uthuruburi
0%
Algerien Wilāya (Provinz) Tiaret
0%
Tschad Wilāya (Region) Tibesti
0%
Äthiopien Region Tigray
0%
Niger State (Bundesstaat) Tillabéri
0%
Algerien Wilāya (Provinz) Timimoun
0%
Algerien Wilāya (Provinz) Tindūf
0%
Algerien Wilāya (Provinz) Tipasa
0%
Mauretanien Wilāya (Region) Tiris Zemmour
0%
Algerien Wilāya (Provinz) Tissemsilt
0%
Algerien Wilāya (Provinz) Tizi Ouzou
0%
Algerien Wilāya (Provinz) Tlemcen
0%
Guinea-Bissau Região (Region) Tombali
0%
Elfenbeinküste District (Distrikt) Tonkpi
0%
Uganda District (Distrikt) Tororo
0%
Algerien Wilāya (Provinz) Touggourt
0%
Tunesien Wilāya (Gouvernement) Tozeur
0%
Kenia County Trans Nzoia
0%
Mauretanien Wilāya (Region) Trarza
0%
Demokratische Republik Kongo Provinz Tshopo
0%
Demokratische Republik Kongo Provinz Tshuapa
0%
Kenia County Turkana
0%
Kenia County Uasin Gishu
0%
Angola Província (Provinz) Uíge
0%
Algerien Wilāya (Provinz) Umm al-Bawāqī
0%
Südsudan State (Bundesstaat) Unity
0%
Ghana Region Upper East
0%
Südsudan State (Bundesstaat) Upper Nile
0%
Gambia Region Upper River
0%
Ghana Region Upper West
0%
Zentralafrikanische Republik Préfecture (Präfektur) Vakaga
0%
Madagaskar Region Vakinankaratra
0%
Madagaskar Region Vatovavy
0%
Kenia County Vihiga
0%
Ghana Region Volta
0%
Tschad Wilāya (Region) Wadai
0%
Ägypten Muhāfaẓa (Gouvernement) Wadi al-dschadid
0%
Libyen Schaʿbiyyat (Munizip) Wadi al-Haya
0%
Libyen Schaʿbiyyat (Munizip) Wadi asch-Schati’
0%
Tschad Wilāya (Region) Wadi Fira
0%
Kenia County Wajir
0%
Uganda District (Distrikt) Wakiso
0%
Südsudan State (Bundesstaat) Warrap
0%
Sudan Wilayat (Bundesstaat) Wasat Darfur
0%
Äquatorialguinea Provinz Wele-Nzas
0%
Südsudan State (Bundesstaat) Western Bahr el Ghazal
0%
Südsudan State (Bundesstaat) Western Equatoria
0%
Kenia County West Pokot
0%
Gabun Province (Provinz) Woleu-Ntem
0%
Elfenbeinküste District (Distrikt) Worodougou
0%
Nigeria State (Bundesstaat) Yobe
0%
Uganda District (Distrikt) Yumbe
0%
Tunesien Wilāya (Gouvernement) Zaghouan
0%
Mosambik Província (Distrikt) Zambezia
0%
Nigeria State (Bundesstaat) Zamfara
0%
Libyen Schaʿbiyyat (Munizip) Zawiya
0%
Senegal Région (Region) Ziguinchor
0%
Niger State (Bundesstaat) Zinder
0%
Uganda District (Distrikt) Zombo
0%
Benin Département (Departement) Zou
0%
Keine übereinstimmenden Quizze gefunden
Verteilung der Resultate
Anzahl Personen mit jedem Resultat
Perzentil nach korrekt beantworteten Fragen
Ihre Resultats-Entwicklung
Sie haben dieses Quiz noch nicht gespielt